Statistics for Capitals in the World Map #1

Click here to take the quiz!

General Stats

  • This quiz has been taken 747 times
  • The average score is 13 of 15

Answers on the Map

Answers color-coded by a green-red scale on the quiz's map according to % correct below.
Loading ...
 

Answer Stats

Answer% Correct
Paris
99%
Tokyo
98%
Kiev
97%
Santiago
97%
Tehran
95%
Wellington
93%
Abu Dhabi
91%
Belgrade
87%
Dhaka
87%
Antananarivo
81%
Abuja
76%
Kampala
71%
Port of Spain
69%
Gaborone
66%
Honiara
54%

Score Distribution

Percentile by Number Answered

Percent of People with Each Score

Your Score History

You have not taken this quiz